Hodnotenie zamestnancov Slovenskej pošty, a.s. a jeho vplyv na odmeňovanie diplomová práca

Gespeichert in:
Bibliographische Detailangaben
1. Verfasser: Maďaková, Alexandra
Körperschaft: Podnikovohospodárska fakulta EU so sídlom v Košiciach. Katedra manažmentu
Weitere Verfasser: Bakajsová, Lenka
Format: Buch
Sprache:Slowakisch
Veröffentlicht: Košice 2009
Tags: Tag hinzufügen
Keine Tags, Fügen Sie das erste Tag hinzu!

MARC

LEADER 00000nam$a2200000$$$4500
001 0098966
005 20240318131040.1
041 0 |a slo 
044 |a SK 
245 1 0 |a Hodnotenie zamestnancov Slovenskej pošty, a.s. a jeho vplyv na odmeňovanie  |b diplomová práca  |c Alexandra Maďaková ; škol. Lenka Bakajsová 
264 1 |a Košice  |c 2009 
300 |a 112 s. 
100 1 |a Maďaková, Alexandra 
700 1 |a Bakajsová, Lenka 
710 2 |a Podnikovohospodárska fakulta EU so sídlom v Košiciach. Katedra manažmentu